| 000 | 00361nam a2200133Ia 4500 | ||
|---|---|---|---|
| 008 | 260210s9999 xx 000 0 und d | ||
| 024 | _a08B-006-BS | ||
| 082 | _a004.1072 FAI | ||
| 100 | _aFaizan Bin Fakhar | ||
| 245 | 0 | _aCentral Scheduling System | |
| 260 |
_aKarachi: _bUITU, _c2008 |
||
| 600 | _aComputer Science | ||
| 650 | _aBachelor of Computer Science (BS) | ||
| 999 |
_c31975 _d31975 |
||